000 00570nam a22001337a 4500
082 _a823
_bCRI/N
100 _aCRICHTON,MICHAEL
245 _aNEXT
260 _aLONDON
_bHARPER
300 _a431
520 _aBillionaire "Jack" Watson becomes the victim of an extremely aggressive form of genetic cancer, and is very nearly unable to receive treatment due to others' patents on the relevant genes, giving Watson "a taste of his own medicine". He eventually procures experimental treatment, which fails to save his life.
650 _aNOVEL, ENGLISH
_zLONDON
942 _cBK
999 _c2342
_d2342